| 000 | 01190nam a22003137a 4500 | ||
|---|---|---|---|
| 999 |
_c21526 _d21526 |
||
| 003 | AR-CdUCM | ||
| 008 | 190220b ||||| |||| 00| 0 spa d | ||
| 020 | _a9786123172749 | ||
| 040 |
_aMUNICIPALIDAD PROVINCIAL DEL CUSCO _cBIBLIOTECA MUNICIPAL DEL CUSCO |
||
| 082 |
_a985.004/I21 _bI21 |
||
| 245 |
_aLa ilusión de un país distinto : _bcambiar el Perú : de una generación a otra / _c[testimonios, Abelardo Oquendo, José Alvarado Jesús, Héctor Béjar ... et al.] ; Luis Pásara, [entrevistas]. |
||
| 260 |
_aLima. _bPontificia Universidad Católica del Perú, _c2017. |
||
| 300 |
_a396 páginas. : _c24 cm. |
||
| 500 | _zIncluye referencias bibliográficas | ||
| 650 |
_aRealidad peruana _92930 |
||
| 650 |
_aIntelectuales _93971 |
||
| 650 |
_aCelebridades _945241 |
||
| 650 |
_aProblemas sociales _92254 |
||
| 650 |
_aParticipación política _97489 |
||
| 650 |
_aSiglo XXI _945242 |
||
| 650 |
_aPerú _945243 |
||
| 700 |
_aOquendo, Abelardo _945244 |
||
| 700 |
_aAlvarado Jesús _945245 |
||
| 700 |
_aBéjar Rivera, Héctor _91353 |
||
| 700 |
_aPásara, Luis _945246 |
||
| 710 |
_aPontificia Universidad Católica del Perú _9400 |
||
| 942 |
_2ddc _cLIBROS |
||
| 945 | _aRoel | ||